The Easiest Quiz in the World AGAIN! - Statistics

General Stats
  • This quiz has been taken 60 times
  • The average score is 13 of 15
Answer Stats
Question Answer % Correct
Does this quiz exist? Yes
100%
The answer is the picture of a red crab.
89%
What is in the thumbnail? A dog
89%
When is the best time to eat nuclear bombs? I don't eat nuclear bombs
89%
Am I in your walls? No
89%
Are you Mount Everest? No, I'm a human
89%
Where are you taking this quiz? None of the Above
89%
Choose the correct option. THIS IS THE CORRECT OPTION!!!!!!!!!! CHOOSE IT NOW!!!!!!!!!!
89%
Which answer is written in English? This one
89%
Do you have eyes? Yes
89%
How many eyes does a normal human have? 2
78%
The answer to this question is Yes. Do you trust me? Yes
78%
Is this question 15? Yes
78%
Am I the creator of the lightbulb? No
67%
Are rocks even real? Yes, they've been here for so long
67%
No matching quizzes found
Score Distribution
Percent of People with Each Score
Percentile by Number Answered
Your Score History
You have not taken this quiz